| Tag |
First Indicator |
Second Indicator |
Subfields |
| LEADER |
00000cam a2200000 4500 |
| 001 |
in00000033545 |
| 005 |
20151007061853.0 |
| 008 |
720823s1955 pau 00000ceng u |
| 010 |
|
|
|a 55006305
|
| 035 |
|
|
|a (OCoLC)00388180
|
| 035 |
|
|
|9 AAD3331AM
|
| 040 |
|
|
|c WSU
|d TXA
|d UtOrBLW
|
| 049 |
|
|
|a TXAM
|c [250931]
|
| 050 |
|
0 |
|a CT275.M43
|b A38
|
| 092 |
|
|
|a 818
|b M135o
|
| 100 |
1 |
|
|a MacDonald, Betty Bard.
|
| 245 |
1 |
0 |
|a Onions in the stew.
|
| 250 |
|
|
|a [1st ed.].
|
| 264 |
|
1 |
|a Philadelphia :
|b Lippincott,
|c [1955]
|
| 300 |
|
|
|a 256 pages ;
|c 22 cm.
|
| 336 |
|
|
|a text
|b txt
|2 rdacontent
|
| 337 |
|
|
|a unmediated
|b n
|2 rdamedia
|
| 338 |
|
|
|a volume
|b nc
|2 rdacarrier
|
| 500 |
|
|
|a The author's family's life on Vashon Island.
|
| 650 |
|
0 |
|a Country life
|z Washington (State)
|
| 999 |
|
|
|a MARS
|
| 999 |
f |
f |
|s e7f251a1-44db-3bbb-b438-0079fdbddd4b
|i 20338bcd-3f80-3838-a068-cf4c7538ff02
|t 0
|
| 952 |
f |
f |
|p normal
|a Texas A&M University
|b College Station
|c Sterling C. Evans Library
|d Evans: Library Stacks
|t 0
|e CT275.M43 A38
|h Library of Congress classification
|i unmediated -- volume
|m A14801264719
|
| 998 |
f |
f |
|a CT275.M43 A38
|t 0
|l Evans: Library Stacks
|